000 00331nam a22001457a 4500
008 210426b ||||| |||| 00| 0 eng d
020 _a9781475835243
041 _aeng
080 _252nd
_a91
082 _a91
100 _a42
101 _aGJEO
245 _aAfrika The World today Series
_cFrancis W. Amoako
942 _2udc
_cBK
999 _c56723
_d56723